Online
Catalog

Ideologías, literatura y sociedad durante la revolución guatemalteca, 1944-1954 / (Record no. 17202)

MARC details
000 -CABECERA
campo de control de longitud fija 01040cam a2200277 a 4500
001 - NÚMERO DE CONTROL
campo de control 000017677
005 - FECHA Y HORA DE LA ÚLTIMA TRANSACCIÓN
campo de control 20200929165206.0
008 - DATOS DE LONGITUD FIJA--INFORMACIÓN GENERAL
campo de control de longitud fija 801222s1979 cu a b 001 0 spa d
040 ## - FUENTE DE LA CATALOGACIÓN
Centro catalogador/agencia de origen DO-SdBNP
Centro/agencia transcriptor DLC
Centro/agencia modificador DLC
043 ## - CÓDIGO DE ÁREA GEOGRÁFICA
Código de área geográfica ncgt---
050 00 - SIGNATURA TOPOGRÁFICA DE LA BIBLIOTECA DEL CONGRESO
Número de clasificación PQ7499.M56
Número de documento/Ítem E433
082 ## - NÚMERO DE LA CLASIFICACIÓN DECIMAL DEWEY
Número de clasificación nnn
Número de documento/Ítem A696i
049 ## - FONDOS LOCALES (OCLC)
Fondos de biblioteca BNGR
082 00 - NÚMERO DE LA CLASIFICACIÓN DECIMAL DEWEY
Número de clasificación 863
Número de edición 19
100 1# - ENTRADA PRINCIPAL--NOMBRE DE PERSONA
Nombre de persona Arias, Arturo,
Fechas asociadas al nombre 1950-
9 (RLIN) 38508
245 10 - MENCIÓN DE TÍTULO
Título Ideologías, literatura y sociedad durante la revolución guatemalteca, 1944-1954 /
Mención de responsabilidad, etc. Arturo arias ; edición María del Carmen Pérez.
260 ## - PUBLICACIÓN, DISTRIBUCIÓN, ETC.
Lugar de publicación, distribución, etc. La Habana, Cuba :
Nombre del editor, distribuidor, etc. Casa de las Américas,
Fecha de publicación, distribución, etc. 1979.
300 ## - DESCRIPCIÓN FÍSICA
Extensión 304 p. :
Otras características físicas il. ;
Dimensiones 19 cm.
504 ## - NOTA DE BIBLIOGRAFÍA, ETC.
Nota de bibliografía, etc. Incluye referencias bibliográficas (p. 295-304).
586 ## - NOTA DE PREMIOS
Nota de premios Premio Casa de las Américas, 1979, ensayo.
600 00 - PUNTO DE ACCESO ADICIONAL DE MATERIA--NOMBRE DE PERSONA
Nombre de persona Monteforte Toledo, Mario.
Título de la obra Entre la piedra y la cruz
9 (RLIN) 38509
650 #0 - PUNTO DE ACCESO ADICIONAL DE MATERIA--TÉRMINO DE MATERIA
Término de materia o nombre geográfico como elemento de entrada Structuralism (literary analysis)
9 (RLIN) 38510
650 #0 - PUNTO DE ACCESO ADICIONAL DE MATERIA--TÉRMINO DE MATERIA
Término de materia o nombre geográfico como elemento de entrada Literature and society
Subdivisión geográfica Guatemala.
9 (RLIN) 38511
700 1# - PUNTO DE ACCESO ADICIONAL--NOMBRE DE PERSONA
Nombre de persona Pérez, María del Carmen
Numeración ed.
9 (RLIN) 32316
910 ## - DATOS DE OPCIÓN DEL USUARIO (OCLC)
Datos de opción del usuario Catalogación por copia / LC
Holdings
Estado de retiro Estado de pérdida Restricciones de uso No para préstamo Código de colección Localización permanente Ubicación/localización actual Ubicación en estantería Fecha de adquisición Número de inventario Total de préstamos Signatura topográfica completa Código de barras Fecha visto por última vez Precio válido a partir de Tipo de ítem Koha
        Monografías: Libros y Folletos General General En catalogación 29.03.2010 LF1   nnn 863 A696i 17677-10 25.06.2020 25.06.2020 Préstamo en sala

Powered by Koha